000 00266nam a2200097Ia 4500
008 220204s9999 xx 000 0 und d
082 _a339.562(058)(4)
_bDIR
245 0 _aDirectory-importers of Europe
260 _aNew Delhi
_bCentre of Publications
_c1997
942 _cBK
999 _c41769
_d41769